| 000 | 00361nam a2200145Ia 4500 | ||
|---|---|---|---|
| 008 | 230917s9999||||xx |||||||||||||| ||und|| | ||
| 040 |
_e53534 _aMAIN |
||
| 041 | _aEnglish | ||
| 082 | _aB R137W:D | ||
| 100 | _aDatta, C L | ||
| 245 | 0 | _aWith the Presidents: The inside story | |
| 260 |
_aDelhi _bVikas Publications _c1970 |
||
| 300 | _avi, 149 p. | ||
| 942 | _cBK | ||
| 999 |
_c73287 _d73287 |
||